Home Print Resources E-Books E-Journals IIMT Lecture Series Library Membership Form Book Recommendation Form Campus Tour Take AdmissionAbout Us Contact Us

MANAGEMENT INFORMATION SYSTEM (Record no. 1372)

000 -LEADER
fixed length control field 00378nam a2200157Ia 4500
003 - CONTROL NUMBER IDENTIFIER
control field OSt
005 - DATE AND TIME OF LATEST TRANSACTION
control field 20240111161242.0
008 - FIXED-LENGTH DATA ELEMENTS--GENERAL INFORMATION
fixed length control field 170523s9999 xx 000 0 und d
020 ## - INTERNATIONAL STANDARD BOOK NUMBER
International Standard Book Number 0070486379
040 ## - CATALOGING SOURCE
Transcribing agency iimt university meerut
100 ## - MAIN ENTRY--PERSONAL NAME
Personal name O` O`BRIEN- JAMES A
245 #0 - TITLE STATEMENT
Title MANAGEMENT INFORMATION SYSTEM
260 ## - PUBLICATION, DISTRIBUTION, ETC.
Name of publisher, distributor, etc. TATA MC GRAW HILL
260 ## - PUBLICATION, DISTRIBUTION, ETC.
Date of publication, distribution, etc. 2002
942 ## - ADDED ENTRY ELEMENTS (KOHA)
Source of classification or shelving scheme
Koha item type Book Bank
Holdings
Withdrawn status Lost status Source of classification or shelving scheme Damaged status Not for loan Home library Current library Date acquired Barcode Date last seen Uniform Resource Identifier Price effective from Koha item type Total Checkouts Date last checked out
          IIMT University Central Library Meerut IIMT University Central Library Meerut 05/31/2017 01-B-6580 05/31/2017 INFORMATION SYSTEM 05/31/2017 Book Bank    
          IIMT University Central Library Meerut IIMT University Central Library Meerut 05/31/2017 01-B-6581 03/28/2022 INFORMATION SYSTEM 05/31/2017 Book Bank 1 03/28/2022
          IIMT University Central Library Meerut IIMT University Central Library Meerut 05/31/2017 01-B-6582 06/03/2022 INFORMATION SYSTEM 05/31/2017 Book Bank 2 06/03/2022
          IIMT University Central Library Meerut IIMT University Central Library Meerut 05/31/2017 01-B-6583 07/27/2021 INFORMATION SYSTEM 05/31/2017 Book Bank 2 02/11/2021
          IIMT University Central Library Meerut IIMT University Central Library Meerut 05/31/2017 01-B-6584 05/31/2017 INFORMATION SYSTEM 05/31/2017 Book Bank    
IIMT, Central Library. All Rights Reserved IIMT,UNIVERSITY © 2023
Implemented and Customised by I CLOUDE EMS
You Are OPAC Visitor No
free web counter

Powered by Koha